কূটনীতির অন্দরমহল / (Record no. 12311)
[ view plain ]
| 000 -LEADER | |
|---|---|
| fixed length control field | 00754nam a2200229 a 4500 |
| 001 - CONTROL NUMBER | |
| JCCL Control Number | 12311 |
| 003 - CONTROL NUMBER IDENTIFIER | |
| JCCL marc code | BD-JhCC |
| 005 - DATE AND TIME OF LATEST TRANSACTION | |
| control field | 20211021081617.0 |
| 008 - FIXED-LENGTH DATA ELEMENTS--GENERAL INFORMATION | |
| fixed length control field | 211021s2012 bg |||| |||| 000 0 ben d |
| 020 ## - INTERNATIONAL STANDARD BOOK NUMBER | |
| International Standard Book Number | 9789848557129 |
| 035 ## - SYSTEM CONTROL NUMBER | |
| system control number | (BD-JhCC)12311 |
| 040 ## - CATALOGING SOURCE | |
| Original cataloging agency | BD-JhCC |
| Modifying agency | BD-JhCC |
| 041 ## - LANGUAGE CODE | |
| Language code of Book | ben |
| 082 ## - DEWEY DECIMAL CLASSIFICATION NUMBER | |
| Classification number | 352.63095492 |
| Author mark and Year | CHO 2012 |
| 100 ## - MAIN ENTRY--PERSONAL NAME | |
| Personal name | চৌধুরী, মতিউর রহমান |
| 245 ## - TITLE STATEMENT | |
| Title | কূটনীতির অন্দরমহল / |
| Statement of responsibility, etc | মতিউর রহমান চৌধুরী |
| 260 ## - PUBLICATION, DISTRIBUTION, ETC. (IMPRINT) | |
| Place of publication, distribution, etc | সূচীপত্র, |
| Name of publisher, distributor, etc | ঢাকা : |
| Date of publication, distribution, etc | ২০১২। |
| 300 ## - PHYSICAL DESCRIPTION | |
| Pagination | ২৩৯ পৃ. : |
| Dimensions | ২০ সেমি. |
| 650 ## - SUBJECT ADDED ENTRY--TOPICAL TERM | |
| Topical term or geographic name as entry element | Bureaucracy |
| Geographic subdivision | Bangladesh |
| 650 ## - SUBJECT ADDED ENTRY--TOPICAL TERM | |
| Topical term or geographic name as entry element | Politics and government |
| 942 ## - ADDED ENTRY ELEMENTS (KOHA) | |
| Source of classification or shelving scheme | Dewey Decimal Classification |
| Koha item type | Books |
| Source of classification or shelving scheme | Damaged status | Not for loan | Collection code | Home library | Current library | Shelving location | Date of accession | Cost, normal purchase price | Full call number | Barcode | Date last seen | Copy number | Method of acquisition | Koha item type | Currency |
|---|---|---|---|---|---|---|---|---|---|---|---|---|---|---|---|
| Dewey Decimal Classification | Non-fiction | JCC Rouf Library | JCC Rouf Library | General Stacks | 06/08/2021 | 400.00 | 352.63095492 CHO 2012 | 16818 | 10/21/2021 | C-1 | Purchase | Books | BDT | ||
| Dewey Decimal Classification | Non-fiction | JCC Rouf Library | JCC Rouf Library | General Stacks | 12/11/2025 | 575.00 | 352.63095492 CHO 2012 | 20355 | 12/13/2025 | C-2 | Purchase | Books | BDT |